000 00786nam a22002297a 4500
999 _c20782
_d20782
003 AR-CdUCM
008 190605b ||||| |||| 00| 0 spa d
040 _aMUNICIPALIDAD PROVINCIAL DEL CUSCO
_cBIBLIOTECA MUNICIPAL DEL CUSCO
041 _heng
082 _a320 /
_bR19
100 _aRaleigh, Th.
_943399
245 _aPolítica experimental /
260 _aBarcelona :
_bPresa,
_c1902.
300 _a126 páginas ;
_c21 cm
500 _a[libro reempastado], versión española de la 6a edicion inglesa.
505 _aContenido; Origen de la sociedad -- La sociedad primitiva -- La civilización -- La sociedad moderna...
650 _aPolítica experimental
_943400
650 _aSociedad
_953
650 _aGrupos políticos
_943401
942 _2ddc
_cLIBROS
945 _aAndy